ऑक्सफोर्ट स्टूडेन्ट अंग्रेजी-हिंदी शब्दकोश / (Record no. 62643)

MARC details
000 -LEADER
fixed length control field 00925nam a22001817a 4500
005 - DATE AND TIME OF LATEST TRANSACTION
control field 2012021301531.0
020 ## - INTERNATIONAL STANDARD BOOK NUMBER
International Standard Book Number 9780195670486
Terms of availability 122.00
020 ## - INTERNATIONAL STANDARD BOOK NUMBER
International Standard Book Number 0195670485
245 ## - TITLE STATEMENT
Title ऑक्सफोर्ट स्टूडेन्ट अंग्रेजी-हिंदी शब्दकोश /
Statement of responsibility, etc आर.एन.सहाय एवं एस.के.वर्मा द्वारा संपादित
250 ## - EDITION STATEMENT
Edition statement 18वां संस्क
260 ## - PUBLICATION, DISTRIBUTION, ETC. (IMPRINT)
Place of publication, distribution, etc नई दिल्ली
Name of publisher, distributor, etc आक्सफोर्ड
Date of publication, distribution, etc 2011
270 ## - ADDRESS
Address YMCA लाइब्रेरी बिल्डिंग,जय स
City नई दिल्ली
Postal code 110001
300 ## - PHYSICAL DESCRIPTION
Extent 642पृ
Dimensions 18 सेमी(अजिल्द)
700 ## - ADDED ENTRY--PERSONAL NAME
Personal name सहाय, आर.एन.
9 (RLIN) 42183
700 ## - ADDED ENTRY--PERSONAL NAME
Personal name वर्मा, एस.के.
9 (RLIN) 42184
942 ## - ADDED ENTRY ELEMENTS (KOHA)
Source of classification or shelving scheme Dewey Decimal Classification
Item type Children Books
Call number suffix ऑक्सफो
Holdings
Withdrawn status Lost status Not for loan Home library Current library Date acquired Cost, normal purchase price Cost, replacement price Koha item type
    Ordered Andrews Gunj Andrews Gunj 13/02/2012 122.00 122.00 Children Books

© Delhi Public Library
Hit Counter
free hit counter